载入...

Puthan pana Onnum randum padangalum Ummade Dukhavum Vyakya Kuriyas /

书目详细资料
主要作者: Arnos Pathiri
语言:Undetermined
出版: Kottayam : S.P.C.S , 1989.
LEADER 00641nam a2200145Ia 4500
001 57694
008 170722s9999 xx 000 0 und d
100 |a Arnos Pathiri 
245 |a Puthan pana  |b Onnum randum padangalum Ummade Dukhavum Vyakya Kuriyas / 
260 |a Kottayam :  |b S.P.C.S ,  |c 1989. 
300 |a 60 p.  |c 17.5cms 
942 |c GEN 
999 |c 110227  |d 110227 
952 |0 0  |1 0  |4 0  |6 O_321K81P_M9KRM91  |7 0  |9 155334  |a LIB  |b LIB  |d 2017-08-12  |o O32,1K81,P M9(KR)-M9;1  |p 208845  |r 2017-08-12  |v 8.00  |w 2017-08-12  |y GEN 
952 |0 0  |1 0  |4 0  |6 O_321K81P_M9KRM91  |7 0  |9 155335  |a LIB  |b LIB  |d 2017-08-12  |l 3  |o O32,1K81,P M9(KR)-M9;1  |p 208846  |r 2019-12-18  |s 2019-12-04  |v 8.00  |w 2017-08-12  |y GEN